| 000 | 00343nam a2200109Ia 4500 | ||
|---|---|---|---|
| 008 | 171204s9999 xx 000 0 und d | ||
| 245 | _aTranslating the NGSS for Classroom Instruction: | ||
| 245 | _cRodger W. Bybee | ||
| 260 | _c2013 | ||
| 650 | _xField Study 4: Exploring the Curriculum | ||
| 856 | _uhttp://down.ebook777.com/042/1938946014.pdf | ||
| 999 |
_c345819 _d345819 |
||